LEADER 01246nam a2200301 u 4500 001 000000015872 003 CaOOAMICUS 005 20070226105929.0 008 940517s1978 it u000 u ita u 035 $a10371519 040 $aPUL(R)$bita 041 1 $aita$heng 100 1 $aAnderson, Perry.$0(OLS)http://pul/name/14503 240 10$aPassages from antiquity to feudalism.$lItaliano.$0(OLS)http://pul/title/22707 245 10$aDall'antichità al feudalesimo /$cPerry Anderson ; traduzione di Elena Brambilla. 260 $aMilano :$bA. Mondadori,$c1978. 300 $a263 p. ;$c20 cm 490 1 $aOscar studio; ;$v60 500 $aComprende indici. 504 $aBibliografia in nota. 651 4$aEuropa$xStoria$yEvo medio.$0(OLS)http://pul/subject/4201 700 1 $aBrambilla, Elena,$d1942-$0(OLS)http://pul/name/14504 830 4$aGli Oscar Studio ;$v60.$0(OLS)http://pul/title/77595 850 $aPUL 852 $aPUL$W1$xDP1 Altre Collocazioni$y17$mSenza collocazione$j12$nBK-PRI$b $qStampati$B22308$CPULBib$Z2$F22308 $H $81 941 1 $a8 996 $6245$aDall'antichità al feudalesimo$9(OLS)http://pul/title/22708 996 $6260$aMilano :$bA. Mondadori$9(OLS)http://pul/publisher/48249 LEADER 01165nam a2200265 a 4500 001 000000155457 003 CaOOAMICUS 005 20161025132310.0 008 161025s1976 it u000 u ita r 032 $aLibriCat 040 $aPUL$bita 245 00$aProspettive sistematiche nel diritto romano /$cF. Bona ... [et al.] . 260 $aTorino :$bGiappichelli,$c1976. 300 $a544 p. ; $c25 cm. 490 1 $aUniversità di Torino. Memorie dell'Istituto giuridico. Serie II ;$v163 504 $aContiene riferimenti bibliografici. 650 04$aDiritto romano$xStudi.$0(OLS)http://pul/subject/41786 700 1 $aBona, Ferdinando.$0(OLS)http://pul/name/29418 830 0$aMemorie dell'Istituto giuridico (Università di Torino).$nSerie II ;$v163.$0(OLS)http://pul/title/2705 850 $aPUL 852 $aPUL$W1$xDP1 Cons. Gen., Altre Classi 1$y22$m1039 F 2.163$j178595$qStampati$B181762$CPULBib$Z2$F181762 $H43856 $81 941 1 $a8 996 $6245$aProspettive sistematiche nel diritto romano$9(OLS)http://pul/title/195121 996 $6260$aTorino :$bGiappichelli$9(OLS)http://pul/publisher/48244